01931cam a22003498i 45000010009000000050017000090080041000260100017000670200018000840200018001020200018001200410008001380420008001460820016001541000018001702450080001882500019002682600040002872630009003272640034003363000022003703360026003923370028004183380027004465000020004735200864004936500024013576500014013817000018013957000023014137760145014362285233320250417094314.0221104s2023 nju 001 0 eng  a 2022053833 a9781119894575 z9781119894612 z9781119894605 aeng apcc00a658.872 JAR1 aJarboe, Greg,10aDigital Marketing Fundamentals :OMCP's Official Guide to OMCA Certification aFirst Edition. aCanadabJohn Wiley & Sons Incc2023 a2302 1aHoboken, NJ :bWiley,c[2023] a437;. pages 23 cm atextbtxt2rdacontent aunmediatedbn2rdamedia avolumebnc2rdacarrier aIncludes index. a"Prepare for the OMCP certification exam and expand your digital marketing skillset Courses relying on the OMCP Digital Marketing Certification standards attract over 70,000 students at 900 universities around the world each year. This challenging curriculum requires strong command of content marketing, conversion rate optimization, and other digital marketing competencies in high market demand. In Digital Marketing Bootcamp: The All-In-One Guide to Mastering OMCP Certification Standards, veteran digital media and marketing expert Greg Jarboe delivers an essential and accessible roadmap to completing the highly sought-after OMCP Digital Marketing Certification. You'll explore topics like digital analytics, social media marketing, and search engine optimization with the help of industry-leading authors and members of the OMCP Standards Committee"-- 0aInternet marketing. 0aMarketing1 aBailey, Matt,1 aStebbins, Michael,08iOnline version:aJarboe, Greg.tDigital marketing fundamentalsbFirst edition.dHoboken, NJ : Wiley, [2023]z9781119894612w(DLC) 2022053834